Statistics for Islands of Serbia

Click here to take the quiz!

General Stats

  • This quiz has been taken 2 times
  • The average score is 3 of 34

Answer Stats

Island% Correct
Ada Ciganlija
100%
Great War Island
100%
Krčedinska Ada
50%
Ada Huja
0%
Ada Kaleh
0%
Ada Međica
0%
Beljarica
0%
Biserno Ostrvo
0%
Čakljanac
0%
Čaplja
0%
Dumavac Island
0%
Forkontumac
0%
Gročanska Ada
0%
Janda
0%
Kamenička Ada
0%
Koviljski Rit
0%
Kožara
0%
Little War Island
0%
Ločka
0%
Mačkov Prud
0%
Mala Ciganlija
0%
Ostrovo
0%
Ostrovo Kostolac
0%
Pančevački Rit
0%
Paradajz
0%
Petrovaradinska Ada
0%
Ribarsko Ostrvo
0%
Šarengrad Island
0%
Smederevska Ada
0%
Starčevačka Ada
0%
Štefanac
0%
Velika Ada
0%
Višnjička Ada
0%
Vukovar Island
0%

Score Distribution

Percentile by Number Answered

Percent of People with Each Score

Your Score History

You have not taken this quiz